State and trends of the carbon market 2004 (Record no. 54566)
[ view plain ]
| 000 -LEADER | |
|---|---|
| fixed length control field | 01950nam a2200349Ia 4500 |
| 082 04 - DEWEY DECIMAL CLASSIFICATION NUMBER | |
| Classification number | 363.738/7456 |
| 100 1# - MAIN ENTRY--AUTHOR NAME | |
| Personal name | Lecocq, Franck. |
| 245 10 - TITLE STATEMENT | |
| Title | State and trends of the carbon market 2004 |
| 260 ## - PUBLICATION, DISTRIBUTION, ETC. (IMPRINT) | |
| Place of publication | Washington, DC : |
| Name of publisher | World Bank, |
| Year of publication | 2005. |
| 300 ## - PHYSICAL DESCRIPTION | |
| Number of Pages | viii, 33 p. |
| 490 1# - SERIES STATEMENT | |
| Series statement | World Bank working paper ; |
| 500 ## - GENERAL NOTE | |
| General note | State and Trends of the Carbon Market 2004 examines the status of the emerging market for greenhouse gases emissions allowances and greenhouse gases emission reduction project...the so-called "carbon market." Based on a database of 354 transactions, this study shows that the market has been growing steadily over the past years, with demand still heavily concentrated and supply shifting from Latin America to Asia. It also explores the determinants of the price of carbon, showing that, in the absence of a standard contract for the purchase of emission reductions, the structure of the transaction has a strong impact on the price. |
| 650 #0 - SUBJECT ADDED ENTRY--TOPICAL TERM | |
| Topical Term | Emissions trading. |
| Topical Term | Greenhouse gases |
| Topical Term | Economic development |
| 856 40 - ELECTRONIC LOCATION AND ACCESS | |
| Uniform Resource Identifier | http://site.ebrary.com/lib/rucke/Doc?id=10078525 |
No items available.
